000 00839nas a2200265 4500
001 BR2017003297
003 BR-BrBNA
005 20231205131148.0
007 ta
008 230509b bl.|||p| |||| 00| 00por d
040 _aBR-BrBNA
_bpor
_cBiblioteca Nacional de Agricultura
041 _a(En)
072 _aH01
100 1 _aCastro, A.A. de
100 1 _aPrandi, I.G.
100 1 _aKuca, K.
100 1 _aRamalho, T.C.
245 1 _aOrganophosphorus degrading enzymes: molecular basis and perspectives for enzymatic bioremediation of agrochemicals
650 _aPESTICIDA
650 _aBIODEGRADAÇÃO
650 _aINIBIDOR DE ENZIMA
773 0 _tCiência e Agrotecnologia (Brazil)
_xISSN 1413-7054
_g(Sep-Oct 2017), v. 41(5) p. 471-482
_wBR2017003297
909 _a202311
_bLúcia
_c55
_dLúcia Elande
942 _2AGRIS
_n0
_cANA
999 _c253333
_d253333